Anuario estadístico de Chile año 1936

Uloženo v:
Podrobná bibliografie
Korporativní autor: Dirección General de Estadística (Autor)
Médium: Kniha
Jazyk:španělština
Vydáno: Santiago Universo 1937
Témata:
Tagy: Přidat tag
Žádné tagy, Buďte první, kdo vytvoří štítek k tomuto záznamu!

MARC

LEADER 00000nam a2200000 a 4500
001 UCO4180
003 CL-VaPUC
008 000728e19370000CL |||||||||||||||||spa|d
082 0 4 |a 310.983  |b DIR  |2 21 
110 2 |a Dirección General de Estadística  |e author  |9 448381 
245 1 0 |a Anuario estadístico de Chile año 1936 
300 |a v 
942 |c BK 
945 |d 20000728 00:00:00  |a crobeson 
260 |a Santiago  |b Universo  |c 1937 
500 |a v.1: Demografía y asistencia social 
500 |a v.2: Justicia 
500 |a v.3: Agricultura 
500 |a v.4: Minería 
500 |a v.5: Finanzas 
500 |a v.6: Comercio interior 
500 |a v.7: Comercio exterior 
650 0 |a Estadísticas  |9 258644 
650 0 |a Demografía   |9 260008 
650 0 |a Datos estadísticos  |9 329380 
651 7 |a CHILE  |2 CL-VaPUC  |9 448382 
583 |a last modification  |c 20120830 11:37:09  |k Rodrigo Vera 
999 |c 290246  |d 290244 
952 |0 0  |1 0  |4 0  |6 310_983000000000000_DIR_1937  |7 0  |8 X  |9 339569  |a BIBHIS  |b BIBHIS  |d 2019-11-20  |h v.1-7  |i 1211595  |o 310.983 DIR 1937  |p 1211595  |r 2024-01-30  |w 2019-11-20  |y BK_X  |k HIS